| 000 | 00396nam a22001577a 4500 | ||
|---|---|---|---|
| 003 | SGT | ||
| 020 | _a978-1-4511-2038-7 | ||
| 082 |
_a615.8 _bN14H |
||
| 100 | _aHOLLI, BETSY B. | ||
| 245 | _aNUTRITION COUNSELING AND EDUCATION SKILL FOR DIETETICS PROFESSIONAL | ||
| 250 | _a6TH | ||
| 260 |
_aPHILADELPHIA _bWLOTERS KLUWER _c2014 |
||
| 300 | _a427 | ||
| 650 | _aNUTRITION | ||
| 942 |
_2ddc _cBK |
||
| 999 |
_c12060 _d12060 |
||